Yoga technique of psychotherapy / (Record no. 133012)

MARC details
000 -LEADER
fixed length control field 00673nam a22002417a 4500
005 - DATE AND TIME OF LATEST TRANSACTION
control field 20170124110202.0
010 ## - LIBRARY OF CONGRESS CONTROL NUMBER
LC control number 971884
020 ## - INTERNATIONAL STANDARD BOOK NUMBER
Terms of availability 25.00
035 ## - SYSTEM CONTROL NUMBER
System control number 971884
037 ## - SOURCE OF ACQUISITION
Source of stock number/acquisition Cen Lib/Ret
040 ## - CATALOGING SOURCE
Original cataloging agency DPL
Language of cataloging EN
082 ## - DEWEY DECIMAL CLASSIFICATION NUMBER
Classification number 181.432
Item number SHA
100 ## - MAIN ENTRY--PERSONAL NAME
Personal name Sharma, H. L.
9 (RLIN) 34444
245 ## - TITLE STATEMENT
Title Yoga technique of psychotherapy /
Statement of responsibility, etc By H. L. Sharma
246 ## - VARYING FORM OF TITLE
Remainder of title
260 ## - PUBLICATION, DISTRIBUTION, ETC. (IMPRINT)
Name of publisher, distributor, etc GDK Publications
Date of publication, distribution, etc 1979
Place of publication, distribution, etc Delhi
270 ## - ADDRESS
City Delhi
Address 3623, Chawri Bazar
Postal code 110006
300 ## - PHYSICAL DESCRIPTION
Extent x,92p.
Dimensions 21cm(Hb)
500 ## - GENERAL NOTE
General note Includes bibliographical references and index<br/>
650 ## - SUBJECT ADDED ENTRY--TOPICAL TERM
Topical term or geographic name as entry element Psychotherapy
9 (RLIN) 34846
650 ## - SUBJECT ADDED ENTRY--TOPICAL TERM
Topical term or geographic name as entry element Yoga
9 (RLIN) 36505
942 ## - ADDED ENTRY ELEMENTS (KOHA)
Source of classification or shelving scheme Dewey Decimal Classification
Koha item type English Books
Classification part 181.432
Call number suffix SHA
Holdings
Withdrawn status Lost status Damaged status Not for loan Home library Current library Date acquired Source of acquisition Cost, normal purchase price Total Checkouts Full call number Barcode Date last seen Copy number Cost, replacement price Price effective from Koha item type Public note
Written off       Central Library Central Library 24/07/2015 Cen Lib/Ret 25.00   181.432 SHA 971884 24/07/2015 1 25.00 24/07/2015 English Books W/d list no. 6801/6dt-02-02-23

© Delhi Public Library
Hit Counter
free hit counter